[Event "BLR-ch 71st"]
[Site "Minsk"]
[Date "2005.03.16"]
[Round "13"]
[White "Lutsko, Igor"]
[Black "Trifonov, Denis"]
[Result "1-0"]
[WhiteElo "2527"]
[BlackElo "2347"]
[Annotator "Roiz,M"]
[PlyCount "83"]
[EventDate "2005.03.04"]
[EventType "tourn"]
[EventRounds "13"]
[EventCountry "BLR"]
[EventCategory "9"]
[SourceTitle "CBM 106"]
[Source "ChessBase"]
[SourceDate "2005.06.06"]
[SourceVersion "1"]
[SourceVersionDate "2005.06.06"]
[SourceQuality "1"]

1. d4 f5 2. g3 Nf6 3. Bg2 d6 4. Nf3 g6 5. O-O Bg7 6. c4 O-O 7. Nc3 Nc6 8. d5
Na5 9. b3 $5 {Quite a rare continuation which connected with a sacrifice.} ({
The main lines are:} 9. Nd2) (9. Qd3) ({and} 9. Qa4) 9... c5 $6 {Black doesn't
want to go for a complications after the most principal 9...Ne4 and chooses a
standard plan of Yugoslavian variation in King's Indian-attacking white's
queen-side pawns chain by b7-b5. At the same time,that plan is too slowly and
allows white to exploit the weaknesses in black's camp by e2-e4.} ({The best
seems to be:} 9... Ne4 10. Nxe4 Bxa1 11. Neg5 c5 (11... Bg7 $2 12. Nd4 $16) 12.
e4 (12. Qe1 Bg7 13. Bd2 b6 14. e4 Nb7 15. exf5 gxf5 16. Qe2 Qe8 17. Re1 $44 {
0-1 Udovcic,M-Gufeld,E/Leningrad 1967/EXT 98 (60)}) 12... Bg7 (12... fxe4 $5)
13. Nh4 $44 {1-0 Damaso,R-Fernando,D/Maia 2003/EXT 2004 (36)}) 10. Bd2 $146 (
10. dxc6 Nxc6 11. Bb2 h6 12. Qc2 g5 13. Rad1 Qe8 14. Nd5 Nxd5 15. cxd5 $14 {
1/2-1/2 Hernandez,R-Almeida,O/Santa Clara CUB 2004/The Week in Chess 499 (35)})
10... Kh8 {That profilactic move looks very slowly and allows white to
breakthrough,but i can hardly recommend something better.} (10... a6 11. e4 (
11. a4 {is somewhat weakening the Pb3,so black may use it after} Ne4 $1 12. Rc1
Nxd2 13. Nxd2 Bd7 $132) 11... fxe4 (11... Nxe4 12. Nxe4 fxe4 13. Ng5 $36) 12.
Ng5 b5 13. Ncxe4 bxc4 14. Qe1 $1 Nb7 (14... Nxb3 15. Nxf6+ Bxf6 16. axb3 Bxa1
17. Ne6 Bxe6 18. Qxe6+ Rf7 19. Rxa1 cxb3 20. Bc3 $16 {[%csl Rg8]}) 15. bxc4 $16
) 11. e4 {That typical advance is the best way to show that the Na5 is out of
play.} fxe4 ({After} 11... Nxe4 12. Nxe4 fxe4 13. Ng5 $36 {white has a
dangerous initiative. The Bg7 is the only defender of Kh8,so 13...Bxa1 should
lead to a quick mate.}) 12. Ng5 a6 {[%cal Gb7b5] Black has no other useful
plan.} (12... Bf5 13. Qe1 b6 14. Rd1 Qd7 15. Ncxe4 $16) 13. Qe1 h6 $2 {
Unnecessarily weakening the king-side.} ({Much better looks:} 13... b5 $142 14.
Ncxe4 Nb7 15. Bc3 Bf5 $14 {with a passive but defensible position.}) 14. Ngxe4
b5 15. Ne2 {[%csl Ra5,Rg6,Rh8][%cal Ge2f4] Delivering the knight to f4-that
will make black's position critical.} ({Good enough was also} 15. Nxf6 $5 exf6
16. Ne2 (16. cxb5 f5 17. Qc1 Kh7 18. bxa6 Bxa6 19. Re1 $16) 16... Nb7 17. Nf4
Kh7 (17... Re8 18. Nxg6+ Kh7 19. Qb1 f5 20. Nf4 Bxa1 21. Qxa1 $16) 18. Ne6 Bxe6
19. dxe6 $16 {with a great advantage.}) 15... b4 ({Maybe} 15... Nb7 {was
preferable,since the knight is closer to the king-side. Still,black's position
remains very bad.}) 16. Nf4 Qe8 17. h4 {White is not in a hurry-black has no
counterplay at all.} (17. Nxf6 $5 Rxf6 18. Qe2 $16 {[%cal Ga1e1,Gd2c1,Gc1b2]})
17... Bf5 18. Qe2 {[%cal Ga1e1] Black's position is already lost from
strategical point of view: the light squares in his camp are very weak,while
the Na5 is completely out of play.} Nxe4 19. Bxe4 Bxa1 {Black accepts the
challenge. That looks like a desperation,as black remains without his main
defender,but i can hardly recommend something better-at least he gets some
material advantage.} 20. Rxa1 Qf7 ({Hardly better would be:} 20... Ra7 21. Bxf5
Rxf5 22. Ne6 $16) 21. Re1 Rae8 22. Bc1 {So,white's dark-squared bishop gets a
full domination over the long diagonal.} ({An immediate} 22. g4 {was also
strong:} Bxe4 23. Qxe4 Rg8 24. Ne6 Qf6 $140 (24... Nb7 25. Bxh6 Nd8 26. Nc7 $18
) 25. Bxh6 Qxh4 26. Bg5 Qh3 27. Re3 $18 {[%csl Rh3]}) 22... Kh7 ({Black had no
time for transfering the knight:} 22... Nb7 23. g4 Bxe4 24. Qxe4 Rg8 25. h5 $18
{with a quick mate.}) 23. g4 {Freeing a way for a direct attack.} Bxe4 24. Qxe4
$18 {Black has no defence against the decisive threat of 25.h5.} Qg7 {
Preparing the following sacrifice.} ({More resistant would be a tricky:} 24...
Nc6 25. dxc6 e5 26. Nd3 Qf3 {forcing a trade of queens,although after} 27. Re3
Qxe4 28. Rxe4 Rf3 29. Be3 Rc8 30. Kg2 Rf7 31. f4 $18 {white is also winning.})
25. h5 Rxf4 26. Bxf4 Nb7 ({Hopeless was also} 26... Rg8 27. f3 Nb7 28. hxg6+
Qxg6 29. Qxg6+ Rxg6 30. Rxe7+ $18) 27. hxg6+ Qxg6 28. Qxg6+ Kxg6 29. Re6+ Kf7
30. Bxh6 {White is just a pawn up,while black is totally passive.} Rg8 31. Re4
a5 {Black is trying to reach some counterchances,but white's king-side pawns
will decide the game very soon.} 32. Kg2 Rg6 ({The rook isn't free to take
part in black's counterplay:} 32... a4 33. bxa4 Ra8 34. Bg5 $18) 33. g5 a4 34.
bxa4 {The most simple way: white doesn't allow black to create a weak Pb3 in
his camp.} Rg8 {[%cal Gg8a8,Ga8a4] That plan is obviously slow,but what else?}
35. f4 Ra8 36. f5 Rxa4 37. Re2 ({Good enough was also:} 37. Re6 Rxa2+ 38. Kf3
$18) 37... Ra3 (37... Ra8 38. Kf3 Na5 39. g6+ Kf6 40. Kf4 $18) 38. g6+ Kf6 39.
Re6+ Kxf5 40. g7 Ra8 ({or} 40... Rxa2+ 41. Kf3 Ra8 42. Rxe7 Kg6 43. Bf4 Na5 44.
Ra7 $18 {with a same end.}) 41. Rxe7 Kg6 42. Bf4 ({Black cannot avoid a loss
of piece:} 42. Bf4 Na5 43. Ra7 $1 $18) 1-0

[Event "Moscow-ch op"]
[Site "Moscow"]
[Date "1995.??.??"]
[Round "9"]
[White "Mitenkov, Alexey"]
[Black "Rustemov, Alexander"]
[Result "1/2-1/2"]
[WhiteElo "2430"]
[BlackElo "2475"]
[Annotator "Shipov,S"]
[PlyCount "73"]
[EventDate "1995.??.??"]
[EventType "swiss"]
[EventRounds "11"]
[EventCountry "RUS"]
[SourceTitle "EXT 1997"]
[Source "ChessBase"]
[SourceDate "1996.11.15"]
[SourceVersion "1"]
[SourceVersionDate "1996.11.15"]
[SourceQuality "1"]

1. d4 d6 2. c4 f5 3. Nf3 g6 4. Nc3 Nf6 5. g3 Bg7 6. Bg2 O-O 7. O-O Nc6 8. d5
Na5 9. Qd3 c5 10. Ng5 $1 (10. b3) (10. Bd2) (10. Nd2) 10... Ng4 $146 (10... Rb8
11. e4 a6 12. Ne6 Bxe6 13. dxe6 fxe4 14. Nxe4 Ng4 15. f4 b5 16. cxb5 axb5 17.
Qe2 Nh6 18. g4 $1 $14 {Gurieli,N-Kholmov,R/Moscow/1992/1:0/29/}) (10... a6 11.
e4 $1 (11. Rb1 Rb8 12. Bd2 Qe8 13. b3 b5 14. a3 $6 Ng4 15. Nf3 bxc4 16. bxc4
Rb3 $15 {Benko,P-Tal,M/Bled/1959/0:1/29/}) 11... fxe4 (11... b5 $5 12. cxb5
axb5 13. Nxb5 fxe4 14. Nxe4 Nxe4 15. Bxe4 Ba6 $44) 12. Ncxe4 b5 13. cxb5 axb5
14. Nxf6+ Rxf6 15. Ne6 $1 Bxe6 16. dxe6 $14 {Stanec,N-Neulinger,M/Oberwart/
1992/1:0/38/}) 11. f4 $1 a6 12. h3 Nh6 $2 (12... Nf6 $142 {/\ b5<=>/}) 13. b3 (
13. e4 b5 $1 14. cxb5 axb5 (14... c4 $5) 15. Nxb5 fxe4 16. Bxe4 Nf5 $44) 13...
b5 14. Rb1 Rb8 15. Be3 (15. cxb5 axb5 16. Nxb5 Ba6 17. a4 Bxb5 18. axb5 Qd7 19.
Ne6 Qxb5 $1 $44) 15... Bd7 16. Ne6 $1 Bxe6 17. dxe6 $16 {>< d5,Nh6/} b4 (17...
Qe8 $5 18. Nd5 Kh8 $132) 18. Nd5 Kh8 19. Bf2 Nc6 {/\ 20...Qc8!/} 20. e4 Bd4 21.
Rbe1 (21. Ne3 $5 Qc8 22. Rbe1 $16) 21... Rg8 (21... Bxf2+ $142) 22. Ne3 $1 Rc8
23. Kh1 Qf8 24. Bg1 $1 Qg7 (24... Qf6 25. exf5 Nxf5 26. Nd5 Qg7 27. Bh2 $1 {
/\ g4|^/}) 25. Bh2 Bc3 26. Rd1 Nd4 27. exf5 Nhxf5 28. g4 Nxe3 29. Qxe3 Rcf8 30.
Bd5 Rf6 31. Bg3 h6 32. Kg2 $6 (32. Rf2 $142 $1 {/\ Rdf1,Qe4,Bh4,f5,f6->/})
32... Nc2 33. Qe4 Nd4 34. Rf2 a5 35. Rdf1 Rff8 36. Bh4 $2 (36. Kh1 $1 {/\ Bh4,
f5->/}) 36... Nf5 $1 $10 37. Bg3 {37...Ng3!=/} (37. gxf5 $4 gxf5+ $19) 1/2-1/2

[Event "US op 108th"]
[Site "Cherry Hill"]
[Date "2007.08.02"]
[Round "6"]
[White "Simutowe, Amon"]
[Black "Nakamura, Hikaru"]
[Result "1-0"]
[WhiteElo "2421"]
[BlackElo "2647"]
[Annotator "Simutowe,A"]
[PlyCount "57"]
[EventDate "2007.07.28"]
[EventType "swiss"]
[EventRounds "9"]
[EventCountry "USA"]
[SourceTitle "CBM 119 Extra"]
[Source "ChessBase"]
[SourceDate "2007.09.04"]
[SourceVersion "1"]
[SourceVersionDate "2007.09.04"]
[SourceQuality "1"]

1. d4 f5 2. Nf3 Nf6 3. c4 d6 4. g3 g6 5. Bg2 Bg7 6. O-O O-O 7. Nc3 Nc6 (7... c6
8. d5 e5 9. dxe6 Bxe6 {is another variation.}) 8. d5 Ne5 9. Nxe5 dxe5 10. e4 (
10. Qb3 {is also playable.}) 10... f4 $5 {Typical of Nakamura.....he tries to
complicate the game whenever he can.} 11. gxf4 (11. b3 {is also possible but I
was not comfortable with the formation that follows....especially that my
opponent is very aggressive i.e.} g5 12. Ba3 g4) 11... exf4 12. Bxf4 Nxe4 (
12... Nh5 13. Bg3 Nf4 14. Bxf4 Rxf4 15. Qb3 {followed by Ne2 should be enough
to neutralise the powerful black bishop.}) 13. Qc1 (13. Nxe4 Rxf4 {or}) (13.
Bxe4 Rxf4 {the black dark-squared bishop would be very strong.}) 13... e5 14.
Be3 Nd6 15. Bg5 $5 {I am forced to act very fast and decisively. It was not
easy to stop Black getting in ...Nf5... with various options like ..Nd4.} Qe8
16. Nb5 $5 {Following up on the idea of the previous move.} Rf7 17. Nxd6 cxd6
18. c5 dxc5 19. Qxc5 b6 20. Qc4 Bb7 21. Bh3 {Stopping Rc8 and threatening Be6.}
Kh8 22. Be6 Rf5 23. Qh4 (23. Bxf5 gxf5 {with threats like ...Qg6 should be
fine for Black.}) 23... Qb5 24. a4 {Perhaps the only move.} Qxb2 25. Rac1 Qb3 (
{After} 25... Qd4 26. Rfd1 {the d5-pawn is very strong and the rook on f5 has
to find a hiding place.}) 26. Rc7 Bxd5 27. Rxg7 Rxg5+ (27... Kxg7 {loses for
Black after} 28. Qh6+ Kh8 29. Bxf5 gxf5 30. Bf6+) 28. Qxg5 Bxe6 (28... Kxg7 {
loses after} 29. Qxe5+ Kh6 30. Bxd5) 29. Qf6 1-0

[Event "RUS-Cup01 Chigorin Memorial"]
[Site "St Petersburg"]
[Date "1997.11.02"]
[Round "2"]
[White "Karpeshov, Oleg Mikhailovich"]
[Black "Lastin, Alexander"]
[Result "1-0"]
[WhiteElo "2430"]
[BlackElo "2550"]
[Annotator "Tyomkin,D"]
[PlyCount "55"]
[EventDate "1997.11.01"]
[EventType "swiss"]
[EventRounds "9"]
[EventCountry "RUS"]
[SourceTitle "CBM 062"]
[Source "ChessBase"]
[SourceDate "1998.01.31"]
[SourceVersion "1"]
[SourceVersionDate "1998.01.31"]
[SourceQuality "1"]

1. d4 f5 2. g3 Nf6 3. Bg2 g6 4. c4 Bg7 5. Nc3 O-O 6. Nf3 d6 7. O-O Nc6 8. d5
Na5 9. Qd3 e5 10. dxe6 Bxe6 11. b3 Nc6 (11... Kh8 {Tyomkin,D} 12. Bb2 (12. Nd4
Bg8 13. Bd2 Qd7 14. Rae1 Nc6 15. Nxc6 bxc6 16. e4 $14 {Lisenko Alexander
V-Gendre Kossia/It (open), Cappelle la Grande (France) 1995 (42)/1-0}) 12...
Nd7 13. Nd4 Bg8 14. Rad1 Ne5 15. Qc2 Nac6 16. Nxc6 bxc6 17. c5 Qe7 18. e3 Rad8
19. Rfe1 Qe8 20. Ba3 $14 {Azmajparashvili - Akopian, Belgrad 1988}) 12. Rb1 h6
$5 $146 {[%csl Gg5]} (12... Ng4 {Tyomkin,D} 13. Qd2 {[%cal Rf3g5]} (13. Ng5 $5
Nge5 14. Qd2 Bd7) 13... h6 (13... Qe7 $6 14. Ng5) 14. e3 Qd7 (14... Nge5 15.
Nd4 Bd7 (15... Bf7 16. f4 Nxd4 17. exd4 Nc6 18. d5 (18. Ne2 $6 d5) 18... Nd4
19. Bb2 Re8 20. Rfe1 Qd7 21. Na4 $16) 16. Bb2 $14) 15. Ne2 Bf7 16. Bb2 Nf6 17.
Rbd1 Rae8 18. Qc1 g5 19. Ned4 $14 {Bareev,E-Lastin,A/RUS-ch m1-2 1997/1-0(45)})
13. Bb2 a5 (13... Ng4 $5 {[%cal Gg4e5]}) (13... Bf7 {[%cal Gd8d7,Ya8e8] black
has chances to get equality in this position by consentration his pieces over
the center.}) 14. Rfd1 Kh7 15. a3 $14 Nd7 $6 (15... Ne4 $5 16. Nd5 $14 (16.
Nxe4 $2 fxe4 17. Qxe4 Bf5)) 16. Qc2 f4 $2 {[%cal Ge6f5] after this move black
is nearly lost} 17. Nh4 $16 {[%csl Rg6][%cal Gc3d5,Gg2e4] /+-} Nde5 18. Nd5
fxg3 19. hxg3 Bf7 20. Be4 {[%cal Gf2f4]} Qd7 21. Kg2 Rae8 22. Nf4 Qg4 23. Rh1
a4 24. bxa4 Kg8 $6 (24... Ne7 $142 25. Nf3 $1 $18 {[%cal Gh1h4]}) 25. Nf3 $1 {
[%cal Gh1h4]} (25. Nhxg6 $6 Nxg6 26. Bxg6 Bxg6 27. Qxg6 Qxg6 28. Nxg6 Rf7 {
black has some practical chances in the ending.}) 25... Nxc4 26. Rh4 Qd7 27.
Bxg7 Kxg7 28. Bxg6 (28. Bxg6 N4e5 (28... Nxa3 29. Qb2+) 29. Rxh6 $3 {could
finish this game,but black resigned before.}) 1-0

[Event "EU-Cup 13th Group2"]
[Site "Eupen"]
[Date "1997.09.23"]
[Round "2"]
[White "Zifroni, Dov"]
[Black "Christensen, Tobias"]
[Result "1-0"]
[WhiteElo "2500"]
[BlackElo "2395"]
[Annotator "Tyomkin,D"]
[PlyCount "64"]
[EventDate "1997.09.22"]
[EventType "team-k.o."]
[EventRounds "3"]
[EventCountry "BEL"]
[SourceTitle "EXT 2020"]
[Source "ChessBase"]
[SourceDate "2019.10.17"]
[SourceVersion "1"]
[SourceVersionDate "2019.10.17"]
[SourceQuality "1"]
[WhiteTeam "Herzliya Chess Club"]
[BlackTeam "Espergarde SK"]
[WhiteTeamCountry "ISR"]
[BlackTeamCountry "DEN"]

1. d4 f5 2. Nf3 Nf6 3. g3 g6 4. Bg2 Bg7 5. O-O O-O 6. c4 d6 7. Nc3 Nc6 8. d5
Na5 9. Qa4 c5 10. dxc6 bxc6 11. c5 {after this move white scored almost 100%}
dxc5 (11... Kh8 $2 {Tyomkin,D} 12. cxd6 exd6 13. Nd4 $16 {[%csl Rc6]} d5 14.
Nxc6 Nxc6 15. Qxc6 Rb8 16. Rd1 d4 17. Qa4 $18 {Zifroni,D-Rinberg,A/Tel Aviv
Cup rapid 1996/EXP 52/1-0 (41)}) (11... d5 12. Ne5 Ne4 13. Nxc6 Bd7 14. Nxe7+
Kh8 15. c6 Be8 16. Rd1 $16 {Palac-Mencinger/Bled op/1992}) 12. Ne5 {[%csl Rc5,
Rc6] In this position white's plan to attack week black pawns c6 and c5,and to
take conrol over d-file.Black has counterplay using open b-file,and /^a1-h8
[byNe4].} Rb8 $6 (12... Qb6 $142 13. Qc2 {/\Na4} (13. Be3 $1 Be6 14. Qa3 Ne4
15. Nxe4 Bxe5 16. Nxc5 Bxb2 17. Nxe6 Bxa3 18. Bxb6 axb6 19. Nxf8 Kxf8 20. Rad1
$16) 13... Qc7 14. Nd3 c4 15. Nc5 e5 {Tyomkin,D} (15... Rb8 {Dautov} 16. Bd2 {
/\N3a4} Rd8 {/\Nd5} (16... Ne8 $5 {/\ Nd6+/=}) 17. N3a4 (17. Rad1 $5) 17... Nd5
18. Rad1 $1 (18. Bxa5 Qxa5 19. Qxc4 Bxb2 20. Nb3 Rxb3 21. axb3 Bxa1 22. Rxa1
Bb7 $10) 18... e5 {/\e4} 19. e4 $1 Nb4 20. Bxb4 Rxb4 21. Rxd8+ Qxd8 22. Rd1 Qf8
23. Qd2 Rb5 $8 24. Qd8 Bf6 25. Qc7 Be7 26. Bh3 $1 $16 {1-0 Gelfand,B-Topalov,V/
Dos Hermanas 1994 (47)}) (15... Nb7 $5 {Dautov} 16. N3a4 Nd6 17. Rd1 (17. Bd2
Nd5 18. e4 fxe4 19. Nxe4 Bf5 $13) 17... e5 18. Bg5 h6 19. Qd2 Nf7 20. Bxf6 Bxf6
21. Qc1 e4 22. Qxc4 Rb8 $13) (15... Ne8 $5 {Gelfand} 16. Bd2 Nd6 $13 17. Rad1
$14) 16. Rd1 Nb7 17. Nxb7 (17. N3a4 $5 Nd6 18. Bg5) 17... Qxb7 (17... Bxb7 18.
Na4 {[%cal Ga4c5]}) 18. Qa4 Qf7 19. Bxc6 Rb8 20. Bb5 Be6 21. Rd6 $14 {-
Szymanski,A-Miton,K/Frydek-Mistek opA 1997/EXT 97}) (12... Qc7 13. Nc4 (13. Bf4
g5 14. Bxg5 $1 $16) 13... Nxc4 14. Qxc4+ Kh8 15. Qxc5 $16) (12... Be6 {Glek}
13. Nxc6 Nxc6 14. Qxc6 Qb6 15. Qxb6 axb6 16. Bxa8 Rxa8 17. Bd2 (17. Rd1 Kf7 $14
) 17... Ne8 18. Rfc1 (18. Bf4 $5) 18... Nd6 19. b3 b5 20. Rab1 Bxc3 21. Bxc3
Rxa2 22. Be5 Rxe2 23. Rxc5 $16 {Bezold-Glek,Bad Ragaz,1994}) 13. Rd1 Qb6 14.
Be3 $5 $146 (14. Nc4 {Tyomkin,D} Nxc4 15. Qxc4+ Kh8 16. Na4 Qb4 17. Qxb4 Rxb4 (
17... cxb4 18. Bf4 $16) 18. Nxc5 {_|_} (18. Bxc6 $5 $14) 18... Rc4 19. Nd3 Ne4
20. Bf4 Be6 21. Rac1 Rc8 22. b3 $14 {/+/- Rohde,U-Van Mil,J/NRW-I 1996/GER 13/
0-1(48)}) 14... Ba6 $6 {[%csl Rd7] losing control of the diagonal c8-e6} (14...
Ne4 15. Nxe4 (15. Nc4 Qb4 (15... Nxc3 16. bxc3 Qb5 17. Qxa5 (17. Qxb5 Rxb5 18.
Nxa5 Rxa5 19. Bxc6 Bxc3 20. Rac1 Bd4 (20... Bb4 $2 21. Bh6 {[%csl Rf8]}) 21.
Bxd4 cxd4 22. Rxd4 Be6 {[%cal Gf8c8]} 23. a4 Rc8 $11) 17... Qxc4 18. Qxa7 Rb2
19. Bxc5 $16) 16. Qxa5 Qxc4 $132 {[%cal Gg7b2]}) 15... fxe4 16. Nc4 Qb5 17.
Qxb5 Rxb5 18. a4 {[%csl Ra5]} Nxc4 19. axb5 Nxe3 20. fxe3 cxb5 {[%csl Rb2,Re3]
Despite of the fact that white has material advantage,black has some drawing
chances.}) 15. Qa3 Nc4 (15... Ne4 16. Nxe4 fxe4 17. Nd7 Bxb2 18. Qa4 Qb5 (18...
Qc7 19. Nxf8 $16) 19. Qxb5 Rxb5 20. Rab1 $16 {[%csl Rc5,Re4,Rf8]}) 16. Nxc4
Bxc4 17. Rd2 Rb7 {[%cal Ge3c5]} 18. Bxc5 $16 Qc7 19. Rad1 Rc8 $2 (19... Rfb8 $5
20. b3 (20. Bd4 e5) (20. Qa4 $140 Bf7 21. Qxc6 $2 Qxc6 22. Bxc6 Rc7 {[%csl Rc5,
Rc6]}) 20... Bf7 21. e4 $16) (19... Bf7 20. e4 $16) 20. Bd4 {[%cal Ra3c5,Gd4e5]
} e6 21. e4 $1 {[%csl Rc4]} (21. Qc5 $6 Bd5) 21... Bf8 22. Qa4 Rb4 23. Qxa7
Qxa7 24. Bxa7 $18 {white is pawn up and has winning ending} Nxe4 $4 25. Bxe4
fxe4 26. Rd8 Rxd8 27. Rxd8 {[%cal Rd8f8,Ra7c5]} Rxb2 28. Bc5 Rc2 29. Rxf8+ Kg7
30. Rd8 $1 Bxa2 (30... Rxc3 31. Bd4+ {[%csl Rc3,Rg7]}) 31. Bd4+ Kh6 32. Nxa2
Rxa2 1-0

[Event "Leon"]
[Site "Leon"]
[Date "1997.??.??"]
[Round "2"]
[White "Lima, Darcy Gustavo Macha"]
[Black "Mellado Trivino, Juan"]
[Result "0-1"]
[WhiteElo "2420"]
[BlackElo "2430"]
[Annotator "Tyomkin,D"]
[PlyCount "78"]
[EventDate "1997.06.05"]
[EventType "tourn"]
[EventRounds "9"]
[EventCountry "ESP"]
[EventCategory "10"]
[SourceTitle "CBM 060"]
[Source "ChessBase"]
[SourceDate "1997.09.29"]
[SourceVersion "1"]
[SourceVersionDate "1997.09.29"]
[SourceQuality "1"]

1. d4 f5 2. Nf3 Nf6 3. g3 g6 4. Bg2 Bg7 5. O-O O-O 6. c4 d6 7. Nc3 Nc6 8. b3
Ne4 9. Bb2 Nxc3 10. Bxc3 e5 11. dxe5 Qe8 (11... dxe5 12. Qd5+ Kh8 13. Qxd8 (13.
Qc5 $1 $14 Qe8 14. Rfd1 b6 15. Qe3 e4 16. Bxg7+ Kxg7 17. Nd4 Ne5 18. Qc3 Kg8
19. f3 c5 20. Nb5 Qe7 21. fxe4 f4 22. gxf4 Rxf4 23. Qd2 $16 {0-1 Tuvsanaa,
N-Munhbayar,L/MGL-ch Erdenet 1994/TD 94\03 (30)}) 13... Rxd8 14. Ng5 Rf8 (14...
Re8 15. Bxc6 bxc6 16. Rad1 Bf6 17. f4 Kg7 18. Rd2 h6 19. Nf3 exf4 20. Bxf6+
Kxf6 21. gxf4 g5 22. Ne5 gxf4 23. Nd3 Rg8+ 24. Kf2 a5 25. Nxf4 $14 {1/2-1/2
Bonoev,P-Rustemov,A/Vladivostok 1994/EXP 43 (63)}) 15. Bxc6 bxc6 16. Rad1 Bf6
17. Nf3 Re8 18. Ba5 c5 19. Bc3 a5 20. Rd5 $16 {1-0 Topalov,V-De Prado,O/Candas
op 1992/TD 92\09 (23)}) 12. Nd4 (12. Qc2 dxe5 13. Qb2 (13. Rad1 Qe7 14. e3 a5
15. a4 e4 16. Bxg7 Qxg7 17. Nd4 Ne5 18. Rd2 Qh6 19. Qd1 Bd7 20. Ne2 Rad8 21.
Nf4 g5 22. Nd5 $13 {1-0 Nahalka Jan-Kolcak Marek/Ch Slovakia open 1995 (41)})
13... Qe7 14. Rad1 a5 15. Ne1 {1/2-1/2 Royz,M-Grinshpun,E/Shavuot Masters 1997}
) 12... Nxe5 (12... Nxd4 $5 13. Bxd4 Bxe5 14. Bxe5 Qxe5 15. Qd5+ $14 {/=}) 13.
Qd2 $6 (13. Nb5 $1 Qd7 (13... Qe7 14. Ba5 c6 (14... Nf7 15. Nxc7 Bxa1 16. Nxa8
Bg7 17. Nc7 {[%cal Rc7d5]}) 15. Qxd6 Re8 (15... Qxd6 16. Nxd6 Nf7 17. Rad1 $16)
16. Qxe7 Rxe7 17. Nc7 Rb8 18. Bb4 $1 Rd7 19. Rad1 $14 {/+/-}) (13... Rf7 14.
Bd5 Be6 15. Bxb7 Rb8 16. Bg2 $16) 14. Ba5 Nf7 (14... c6 15. Nxd6 b6 16. Nxc8
Qxc8 17. Bc3 Nf3+ 18. Bxf3 Bxc3 19. Rc1 Bg7 $16) 15. Nxc7 Rb8 16. Nd5 Bxa1 17.
Qxa1 Ne5 18. f4 Ng4 19. h3 $18) 13... c6 14. Rae1 Qf7 15. f4 (15. e3 Ng4 16.
Ne2 Bxc3 17. Nxc3 $14) 15... Ng4 16. e4 fxe4 17. Bxe4 Bf5 18. Bxf5 (18. Nxf5
gxf5 (18... Bxc3 19. Qxc3 (19. Ne7+ Qxe7 20. Qxc3 Qf6 21. Qd3 Rae8 $14 {/=}))
19. Bxg7 Qxg7 20. Bf3 $14) 18... gxf5 19. h3 Nh6 20. Re6 $4 {[%csl Re6]} (20.
Ne6 Bxc3 21. Qxc3 Rfe8 22. Ng5 Qg6 $13) (20. Rf2 $5 Rae8 21. Rfe2 Qg6 22. Rxe8
Rxe8 23. Rxe8+ Qxe8 $11 {/+=}) 20... c5 21. Rxd6 (21. Rfe1 cxd4 22. Bxd4 Rae8
23. Rxe8 Rxe8 (23... Bxd4+ 24. Qxd4 Rxe8 25. Rxe8+ Qxe8 26. Qxa7 Qe1+ 27. Kg2
Qe2+ $17) 24. Rxe8+ Qxe8 25. Bxa7 $17) 21... cxd4 22. Bxd4 Rad8 (22... Rfd8 $5
23. Bxg7 Rxd6 24. Qxd6 Qxg7 25. Kh2 Re8 26. Rf2 b6 $17) 23. Bxa7 Rxd6 24. Qxd6
b5 $1 {[%csl Rc4][%cal Rf7c4,Rf7a7]} 25. Qd5 $6 (25. Bc5 $5 bxc4 $5 (25... Rc8
26. Bd4 Bxd4+ 27. Qxd4 bxc4 28. Rc1 Qg6 29. Kh2 Qa6 30. Qd5+ Kf8 31. Rxc4 (31.
Rc2 c3 (31... cxb3 32. Rxc8+ Qxc8 33. Qxb3 $15) 32. Qd7 $36) 31... Qxa2+ 32.
Qg2 Qxg2+ 33. Kxg2 $15 {[%cal Gg3g4]}) 26. Qa6 cxb3 27. Bxf8 Bxf8 28. Rb1 (28.
axb3 Qxb3 29. Rf2 Qe3 30. Kg2 Bc5 $36) 28... Bc5+ 29. Kf1 bxa2 30. Rb8+ Kg7 31.
Rb7 Be7 32. Ra7 Ng8 $11) 25... Qxd5 26. cxd5 Ra8 27. Bb6 (27. Bc5 $5 Rxa2 28.
Rf2 Ra1+ 29. Rf1 Rxf1+ 30. Kxf1 Kf7 $17) 27... Rxa2 28. Rd1 Nf7 29. d6 Ra1 (
29... Ra6 $5 30. Bc7 (30. Bc5 Bf8 $19) 30... Rc6 31. Rd5 Bf8 32. Rxf5 Bxd6 33.
Bxd6 Nxd6 34. Rd5 Kf7 $17) 30. Rxa1 Bxa1 31. d7 Bf6 32. Kf2 (32. g4 $6 Kf8 33.
Bc5+ $6 Be7 34. b4 (34. Bb6 $8) 34... Bxc5+ 35. bxc5 Ke7 $19) 32... Nd8 33. Ke3
Kf7 34. Bxd8 Bxd8 35. Kd4 Ke6 36. Kc5 h5 37. Kxb5 Kxd7 38. Kc4 h4 39. gxh4 Bc7
0-1